| 000 | 00597nam a2200205 u 4500 | ||
|---|---|---|---|
| 005 | 20240228063928.0 | ||
| 008 | 080519s2006 r 000 0 eng d | ||
| 020 | _a9968153605 | ||
| 035 | _aUPN01000155966 | ||
| 049 | _aI | ||
| 050 | 4 |
_aPZ71 _bR8.6 |
|
| 100 | 1 |
_aRubio Torres, Carlos, _d1968- |
|
| 245 | 1 | 0 |
_aPapá es un campeón / _cCarlos Rubio Torres ; il. Daniela Violi. |
| 260 |
_aBogotá : _bNorma, _c2006. |
||
| 300 |
_a201 p. : _bil. |
||
| 440 | 0 |
_aTorre de papel. _pAzul |
|
| 650 | 4 |
_aLibros y lectura para niños _92290 |
|
| 650 | 4 |
_aRelaciones de familia _96077 |
|
| 905 | _aInfantil | ||
| 999 |
_c128080 _d128080 |
||